<?xml version="1.0" encoding="UTF-8"?>
<marc:record xmlns:marc="http://www.loc.gov/MARC21/slim">
   <marc:leader>00000nam a2200000 a 4500</marc:leader>
   <marc:datafield ind1="1" ind2=" " tag="100">
      <marc:subfield code="a">Schubert Nadine</marc:subfield>
      <marc:subfield code="4">aut</marc:subfield>
      <marc:subfield code="e">Verfasser/-in</marc:subfield>
   </marc:datafield>
   <marc:datafield ind1=" " ind2=" " tag="653">
      <marc:subfield code="a">Abfallvermeidung / Ratgeber</marc:subfield>
   </marc:datafield>
   <marc:datafield ind1="0" ind2="0" tag="245">
      <marc:subfield code="a">Noch besser leben ohne Plastik</marc:subfield>
   </marc:datafield>
   <marc:datafield ind1="0" ind2="0" tag="245">
      <marc:subfield code="b">mit vielen neuen Tipps der Bestseller-Autorin</marc:subfield>
   </marc:datafield>
   <marc:datafield ind1="0" ind2="0" tag="245">
      <marc:subfield code="c">Schubert Nadine</marc:subfield>
   </marc:datafield>
   <marc:datafield ind1=" " ind2="1" tag="264">
      <marc:subfield code="a">München</marc:subfield>
      <marc:subfield code="b">oekom Verlag</marc:subfield>
      <marc:subfield code="c">2017</marc:subfield>
   </marc:datafield>
   <marc:datafield ind1="1" ind2=" " tag="520">
      <marc:subfield code="a">Seit dem großen Erfolg mit »Besser leben ohne Plastik« ist sie gefragt wie nie: Nadine Schubert wird für Auftritte im gesamten deutschsprachigen Raum gebucht, ist gern gesehener Gast in Funk und Fernsehen und gibt Workshops zur Plastikvermeidung. Jetzt legt die Bestsellerautorin nach und zeigt mit noch mehr Tipps und Tricks, wie leicht es »ohne« geht – ohne Plastik! Sie kaufen möglichst verpackungsfrei, Plastiktüten sind tabu, der Müll wird längst sauber getrennt? Das ist gut, sehr gut sogar! Doch man kann&#xD;
mehr tun – und unserer Gesundheit zuliebe ist das auch sinnvoll. Denn Plastik ist nicht nur unschön, es ist auch gefährlich – unter anderem als Mikroplastik.&#xD;
Die Industrie mischt es gerne in Shampoos, Hautcremes und Zahnpasta; da macht es unser Haar seidig, schafft ein gutes »Hautgefühl« oder sorgt für »strahlend weißen Glanz«. Für die Umwelt ist Mikroplastik jedoch längst zur enormen Bedrohung geworden. Es ist höchste Zeit, aktiv zu werden! »Noch besser leben ohne Plastik« zeigt Ihnen, was Sie gegen Mikroplastik tun können, und präsentiert darüber hinaus viele neue Ideen für ein schöneres und gesünderes Leben – vom Plastikfasten bis hin zu plastikfreiem Schenken. (Verlagstext)</marc:subfield>
   </marc:datafield>
   <marc:datafield ind1=" " ind2=" " tag="020">
      <marc:subfield code="a">9783960060154</marc:subfield>
      <marc:subfield code="9">9783960060154</marc:subfield>
   </marc:datafield>
   <marc:datafield ind1=" " ind2=" " tag="020">
      <marc:subfield code="a">3960060157</marc:subfield>
      <marc:subfield code="9">3960060157</marc:subfield>
   </marc:datafield>
   <marc:datafield ind1=" " ind2=" " tag="041">
      <marc:subfield code="a">ger</marc:subfield>
   </marc:datafield>
   <marc:datafield ind1=" " ind2=" " tag="300">
      <marc:subfield code="b">Illustrationen</marc:subfield>
   </marc:datafield>
   <marc:datafield ind1=" " ind2=" " tag="338">
      <marc:subfield code="a">Band</marc:subfield>
   </marc:datafield>
   <marc:datafield ind1=" " ind2=" " tag="300">
      <marc:subfield code="a">107 S.</marc:subfield>
   </marc:datafield>
</marc:record>
